Elements of Chemical Process Technology (Record no. 617348)
[ view plain ]
| 000 -LEADER | |
|---|---|
| fixed length control field | 00373nam a22001337a 4500 |
| 020 ## - INTERNATIONAL STANDARD BOOK NUMBER | |
| International Standard Book Number | 978-93-86173-55-3 |
| 040 ## - CATALOGING SOURCE | |
| Transcribing agency | Khana Book Publishing Co. Ltd |
| 082 ## - DEWEY DECIMAL CLASSIFICATION NUMBER | |
| Classification number | 660.287 |
| Author Mark | G9775 E |
| 100 ## - MAIN ENTRY--PERSONAL NAME | |
| Personal name | Gupta. O.P. |
| 9 (RLIN) | 40512 |
| 245 ## - TITLE STATEMENT | |
| Title | Elements of Chemical Process Technology |
| 260 ## - PUBLICATION, DISTRIBUTION, ETC. | |
| Name of publisher, distributor, etc. | Khanna Book Publishing Co Ltd |
| Date of publication, distribution, etc. | 2025 |
| 300 ## - PHYSICAL DESCRIPTION | |
| Extent | viii, 1029p. |
| Dimensions | 7cm. |
| 942 ## - ADDED ENTRY ELEMENTS (KOHA) | |
| Source of classification or shelving scheme | |
| Koha item type | Reference |
| Withdrawn status | Lost status | Source of classification or shelving scheme | Damaged status | Not for loan | Permanent Location | Current Location | Date acquired | Total Checkouts | Full call number | Barcode | Date last seen | Price effective from | Koha item type |
|---|---|---|---|---|---|---|---|---|---|---|---|---|---|
| School of Chemical & Materials Engineering (SCME) | School of Chemical & Materials Engineering (SCME) | 05/07/2026 | 660.287 G9775 E | SCME-4886 | 05/07/2026 | 05/07/2026 | Reference |
